|
|
|
|
| LEADER |
00000nas a2200000 a 4500 |
| 001 |
vtls001406832 |
| 003 |
SK-MaSNL |
| 005 |
20260221115809.0 |
| 008 |
010207c19889999xxkqr p 0 0b0eng |
| 022 |
|
|
|a 1011-8829
|
| 035 |
|
|
|a SNK000361475
|
| 040 |
|
|
|a SNK
|b slo
|c SNK
|e AACR2
|
| 041 |
0 |
|
|a eng
|a fre
|
| 044 |
|
|
|a xxk
|c GB
|
| 245 |
0 |
0 |
|a International cataloguing and bibliographic control
|
| 260 |
|
|
|a [London]
|b IFLA
|
| 300 |
|
|
|a zv.
|c 30 cm
|
| 310 |
|
|
|a 4x ročne
|
| 500 |
|
|
|a Popis podľa: Vol. 35, no. 2 (Apr./June 2006)
|
| 546 |
|
|
|a Text aj franc.
|
| 850 |
|
|
|a Slovenská národná knižnica v Martine
|
| 910 |
|
|
|a snk
|
| 999 |
|
|
|c 5162
|d 7092
|
| 952 |
|
|
|0 0
|1 1
|4 0
|7 0
|8 2
|a SNK
|b SNK
|d 2006-09-22
|l 0
|o snkČB 4660/21/1992
|p 17A0026880
|r 2026-02-21 20:13:05
|t č. 1-4
|w 2026-02-21
|y PREZ
|
| 952 |
|
|
|0 0
|1 1
|4 0
|7 0
|8 2
|a SNK
|b SNK
|d 2001-02-07
|i snkČV 1747/98
|l 0
|o snkČB 4660/25/1996
|p 17A0172205
|r 2005-01-02 00:00:00
|t č. 1-4
|w 2026-02-21
|y PREZ
|